Prvé kroky na šachovnici

Bibliographic Details
Main Author: Paulička, Ivan (Author)
Format: Book
Language:Slovak
PhysicalDescription:200 s. ilustr., fotogr., tab. 21 cm
Published: Bratislava Miss 2011
ISBN:9788097059538
Edition:[1. vyd.]
Subjects:

MARC

LEADER 00000nam a2200000 a 4500
001 vtls010280814
003 SK-MaSNL
005 20260302011751.0
008 240315s2011 xo ola g 000 0 slo
015 |a SNBA2011/07-04139 
020 |a 9788097059538  |q (brož.) 
035 |a ADDD5857-CE7F-42C1-BEC5-9BA84763463E 
035 |a urn:nbn:sk:snk-amjhxj 
035 |a urn:nbn:sk:snk-am001ycx 
040 |a SNK  |b slo  |c SNK  |e AACR2 
041 0 |a slo 
044 |a xo  |c SK 
072 7 |a 794  |x Doskové a stolové hry, logické hry, hry zručnosti, krížovky  |2 konspekt 
080 |a 794.1  |2 2001 
080 |a (035)  |2 2001 
080 |a 794  |2 2001 
100 1 |a Paulička, Ivan  |4 aut  |9 10105 
245 1 0 |a Prvé kroky na šachovnici  |c Ivan Paulička 
250 |a [1. vyd.] 
260 |a Bratislava  |b Miss  |c 2011 
300 |a 200 s.  |b ilustr., fotogr., tab.  |c 21 cm 
504 |a Bibliogr. s. 183 
650 0 7 |a šach  |2 SNKPH  |9 3315 
650 0 7 |a Chess  |2 SNKPHeng  |9 309843 
650 0 7 |a stolové hry  |2 SNKPH  |9 75482 
650 0 7 |a Board games  |2 SNKPHeng  |9 408260 
655 7 |a príručky  |2 SNKPH  |9 74364 
655 7 |a Handbooks, manuals, etc.  |2 SNKPHeng  |9 90964 
852 |a Štátna vedecká knižnica v Banskej Bystrici 
919 |a 978-80-970595-3-8 
958 |a NB 
958 |a OND 
968 |d 793/799 
999 |c 1007337  |d 1009267 
952 |a SNK  |b SNK  |y PREZ  |7 0  |p 17A0703734  |o snkSC 145630  |i snk2011/12355  |8 0  |0 0  |1 0  |4 0  |d 2011-05-27  |l 0  |r 2025-07-15 00:00:00  |w 2026-02-24 
952 |a SNK  |b SNK  |y VYP  |7 0  |p 17A0703735  |o snkSC 145630 D1  |i snk2011/12356  |8 0  |0 0  |1 0  |4 0  |d 2011-05-27  |l 0  |r 2026-02-24 12:40:25  |w 2026-02-24